000 00567nam a22001817a 4500
999 _c8560
_d8560
008 201202b ||||| |||| 00| 0 eng d
040 _aBMS College of Architecture
100 _aA, Ramyashree
245 _aTribal welfare centre and Heritage Museum
300 _aiii,25p.
500 _a1BM13AT060
502 _8Project report
_NBMS College of Architecture, Visvesvaraya Technological University (VTU)
_aProject report
_d2017
650 _aHearitage
650 _aMuseum
700 _aPraveen Upadhya
_eGuide
700 _aSayee Deodhar
_eGuide
942 _2ddc
_cTHE